| 000 | 01073nam a22002657a 4500 | ||
|---|---|---|---|
| 005 | 20170124102932.0 | ||
| 010 | _a278631 | ||
| 020 | _c06.00 | ||
| 035 | _a278631 | ||
| 037 | _bCen Lib/Ret | ||
| 040 |
_aDPL _bHN |
||
| 082 |
_a821.08 _bमाथुर |
||
| 100 |
_aमाथुर ,सुरेन्द्र _945337 |
||
| 245 |
_aआधुनिक हिंदी काव्य : _cसुरेन्द्र माथुर _bकृति और विधा |
||
| 246 |
_aadhunik hindi kavya :kriti or vidha _bby Surendra Mathur |
||
| 260 |
_aलखनऊ _bहिंदी साहित्य भंडार _c1963 |
||
| 270 |
_aअमीनाबाद _bलखनऊ |
||
| 300 |
_a295पृष्ठ. _c20सेमी (सजिल्द ) |
||
| 650 |
_aहिंदी साहित्य _945338 |
||
| 650 |
_aआधुनिक हिंदी काव्य _945339 |
||
| 650 |
_aHindi literature _945340 |
||
| 650 |
_aModern Hindi Poetry _945341 |
||
| 700 | _97856 | ||
| 942 |
_2ddc _cHN _h821.08 _mमाथुर |
||
| 999 |
_c111983 _d111983 |
||